Hộ gia đình Việt Nam : Nhìn qua phân tích định lượng /
Bewaard in:
| Formaat: | Sách giấy |
|---|---|
| Taal: | Vietnamese |
| Gepubliceerd in: |
H. :
Chính trị Quốc gia,
1999
|
| Tags: |
Voeg label toe
Geen labels, Wees de eerste die dit record labelt!
|
| Thư viện lưu trữ: | Thư viện Trường Đại học Đà Lạt |
|---|
| LEADER | 00674nam a2200253 4500 | ||
|---|---|---|---|
| 001 | DLU030025101 | ||
| 005 | ##20030728 | ||
| 008 | ##030728t vn z000 vie d | ||
| 040 | # | # | |a DLU |b vie |
| 041 | # | # | |a vie |
| 044 | # | # | |a vn |
| 082 | # | # | |a 645 |b Hog |
| 245 | # | # | |a Hộ gia đình Việt Nam : |b Nhìn qua phân tích định lượng / |c Dominique Haughton, ... [và những người khác] |
| 260 | # | # | |a H. : |b Chính trị Quốc gia, |c 1999 |
| 300 | # | # | |a 257 tr. ; |c 22 cm |
| 992 | # | # | |a 40000 |
| 994 | # | # | |a DLU |
| 900 | # | # | |a True |
| 911 | # | # | |a Nguyễn An Thanh |
| 925 | # | # | |a G |
| 926 | # | # | |a A |
| 927 | # | # | |a SH |
| 980 | # | # | |a Thư viện Trường Đại học Đà Lạt |